| 000 | 003730000a22001690004500 | ||
|---|---|---|---|
| 999 |
_c47779 _d47779 |
||
| 001 | 570 | ||
| 003 | CO-MdFUSB | ||
| 005 | 20170818164221.0 | ||
| 008 | 170818b xxu||||| |||| 00| 0 eng d | ||
| 040 | _cCO-MdBIC | ||
| 082 | 0 | 4 | _a863C N78pu |
| 245 | 1 | 0 | _aPulgarcita |
| 260 | _aBogotá : Norma | ||
| 500 | _aTexto plegable | ||
| 650 | 1 | 4 | _aLiteratura Infantil |
| 942 | _cLGB | ||